| 000 | 00687nam a22002177a 4500 | ||
|---|---|---|---|
| 003 | dpl | ||
| 005 | 20180908155537.0 | ||
| 008 | 180907b xxu||||| |||| 00| 0 eng d | ||
| 010 | _aB-023930 | ||
| 020 |
_a0195655979 _c0.00 |
||
| 035 | _aB-023930 | ||
| 040 |
_aDPL _bEN _c0 |
||
| 082 |
_a323.0954 _bHUM |
||
| 245 |
_aHuman rights in India ; _bhistorical, social and political perspectives / _cedited by C.J. Nirmal |
||
| 260 |
_aNew Delhi _bOxford University Press _c2000 |
||
| 270 |
_aYMCA library building, jai singh road _bNew Delhi _e110001 |
||
| 300 |
_a333p.; _c20C.M. |
||
| 500 | _aIncludes index | ||
| 700 | _aNirmal, C.J | ||
| 942 |
_2ddc _cEN _h323.0954 _mHUM |
||
| 999 |
_c157168 _d157168 |
||